<?xml version="1.0" encoding="UTF-8"?>
<collection xmlns="http://www.loc.gov/MARC21/slim">
<record>
  <controlfield tag="001">125946</controlfield>
  <controlfield tag="005">20231023123352.0</controlfield>
  <datafield tag="024" ind1="7" ind2=" ">
    <subfield code="2">doi</subfield>
    <subfield code="a">10.5209/dill.80971</subfield>
  </datafield>
  <datafield tag="024" ind1="8" ind2=" ">
    <subfield code="2">sideral</subfield>
    <subfield code="a">133535</subfield>
  </datafield>
  <datafield tag="037" ind1=" " ind2=" ">
    <subfield code="a">ART-2023-133535</subfield>
  </datafield>
  <datafield tag="041" ind1=" " ind2=" ">
    <subfield code="a">spa</subfield>
  </datafield>
  <datafield tag="100" ind1=" " ind2=" ">
    <subfield code="a">Briz Villanueva, Ezequiel</subfield>
    <subfield code="u">Universidad de Zaragoza</subfield>
    <subfield code="0">(orcid)0000-0001-8282-2320</subfield>
  </datafield>
  <datafield tag="245" ind1=" " ind2=" ">
    <subfield code="a">De la comprensión lectora a la lectura expresiva: hacia una enseñanza integradora</subfield>
  </datafield>
  <datafield tag="260" ind1=" " ind2=" ">
    <subfield code="c">2023</subfield>
  </datafield>
  <datafield tag="506" ind1="0" ind2=" ">
    <subfield code="a">Access copy available to the general public</subfield>
    <subfield code="f">Unrestricted</subfield>
  </datafield>
  <datafield tag="520" ind1="3" ind2=" ">
    <subfield code="a">La lectura expresiva es la actividad apasionante de dar vida y forma oral a un mensaje escrito. Se trata de una actividad de alto valor educativo y cultural que requiere un proceso intelectual y comunicativo complejo en el que intervienen destrezas técnicas para sonorizar el texto, interpretarlo y comunicarlo de manera expresiva y matizada. Además, se requieren ciertas estrategias metacognitivas y emocionales sin las cuales no es posible realizar la tarea de modo adecuado. El objetivo de este trabajo es realizar una revisión teórica e interdisciplinar del conjunto de destrezas principales que conforman la competencia lectora con el propósito de presentar de forma estructurada las conexiones que existen entre la lectura comprensiva y la lectura expresiva. La meta final es proporcionar orientaciones al profesorado en su labor de enseñar y evaluar la lectura expresiva e impulsar al alumnado de manera motivadora hacia una lectura en voz alta eficaz e incluso hacia lo que podríamos llamar una lectura artística.</subfield>
  </datafield>
  <datafield tag="536" ind1=" " ind2=" ">
    <subfield code="9">info:eu-repo/grantAgreement/ES/MICINN/PID2021-126392OB-I00</subfield>
  </datafield>
  <datafield tag="540" ind1=" " ind2=" ">
    <subfield code="9">info:eu-repo/semantics/openAccess</subfield>
    <subfield code="a">by</subfield>
    <subfield code="u">http://creativecommons.org/licenses/by/3.0/es/</subfield>
  </datafield>
  <datafield tag="655" ind1=" " ind2="4">
    <subfield code="a">info:eu-repo/semantics/article</subfield>
    <subfield code="v">info:eu-repo/semantics/publishedVersion</subfield>
  </datafield>
  <datafield tag="700" ind1=" " ind2=" ">
    <subfield code="a">Sanjuán Álvarez, Marta</subfield>
    <subfield code="u">Universidad de Zaragoza</subfield>
    <subfield code="0">(orcid)0000-0003-0853-7104</subfield>
  </datafield>
  <datafield tag="710" ind1="2" ind2=" ">
    <subfield code="1">4013</subfield>
    <subfield code="2">195</subfield>
    <subfield code="a">Universidad de Zaragoza</subfield>
    <subfield code="b">Dpto. Didácticas Específicas</subfield>
    <subfield code="c">Área Didáctica Lengua y Liter.</subfield>
  </datafield>
  <datafield tag="773" ind1=" " ind2=" ">
    <subfield code="g">35 (2023), 55-65</subfield>
    <subfield code="p">Didáctica (Madr.)</subfield>
    <subfield code="t">DIDACTICA-LENGUA Y LITERATURA</subfield>
    <subfield code="x">1130-0531</subfield>
  </datafield>
  <datafield tag="856" ind1="4" ind2=" ">
    <subfield code="s">415485</subfield>
    <subfield code="u">http://zaguan.unizar.es/record/125946/files/texto_completo.pdf</subfield>
    <subfield code="y">Versión publicada</subfield>
  </datafield>
  <datafield tag="856" ind1="4" ind2=" ">
    <subfield code="s">2721329</subfield>
    <subfield code="u">http://zaguan.unizar.es/record/125946/files/texto_completo.jpg?subformat=icon</subfield>
    <subfield code="x">icon</subfield>
    <subfield code="y">Versión publicada</subfield>
  </datafield>
  <datafield tag="909" ind1="C" ind2="O">
    <subfield code="o">oai:zaguan.unizar.es:125946</subfield>
    <subfield code="p">articulos</subfield>
    <subfield code="p">driver</subfield>
  </datafield>
  <datafield tag="951" ind1=" " ind2=" ">
    <subfield code="a">2023-10-23-12:23:17</subfield>
  </datafield>
  <datafield tag="980" ind1=" " ind2=" ">
    <subfield code="a">ARTICLE</subfield>
  </datafield>
</record>
</collection>